Missing Word: Sci-fi Books Quiz Stats

Quiz Updated Mar 5, 2016

Challenge
Share
Tweet
Embed
Score 0/20 Timer 03:00
0 Plays Today
Book Title Missing Word % Correct
20,000 ____ Under the SeaLeagues
93.6%
Hitchhiker's Guide to the ____Galaxy
92.8%
A Clockwork ____Orange
89.9%
2001: A Space ____Odyssey
85.6%
The Invisible ____Man
81.9%
Slaughterhouse ____Five
74.4%
Ender's ____Game
62.9%
____ in a Strange LandStranger
62.7%
____ ParkJurassic
59.5%
Battlefield ____Earth
56.2%
Book Title Missing Word % Correct
A ____ In TimeWrinkle
54.6%
The ____ WorldLost
34.9%
The Left ____ of DarknessHand
27%
The ____ ChroniclesMartian
24.8%
The Man in the ____ CastleHigh
10.4%
Out of the ____ Planet Silent
7.5%
____ CrashSnow
7.3%
The ____ My DestinationStars
5.6%
A Fire Upon the ____Deep
3.8%
Altered ____Carbon
2.4%

Today's Daily Dose

Missing Word
For Dummies Books

Word Ladder
Ariana Grande

Quick Pick
1970s Authors

On This Day
June 21st II

You're not logged in!

Compare scores with friends on all Sporcle quizzes.
Join for Free
OR
Log In

You Might Also Like...

Show Comments

Extras

Top Quizzes Today


Score Distribution

Your Account Isn't Verified!

In order to create a playlist on Sporcle, you need to verify the email address you used during registration. Go to your Sporcle Settings to finish the process.

Report this User

Report this user for behavior that violates our Community Guidelines.

Details: